000 00377nam a2200169Ia 4500
005 20241015004921.0
008 240331s9999 xx 000 0 und d
020 _a9559052373
082 _bRAN
_a820
100 _aRanaweera, E
245 0 _aRhymes of our times
260 _aColombo
_bCENWOR
_c1995
300 _a17 p .,
650 _aPoems
650 _aGender
942 _cL
999 _c4341
_d4341